000 00829nam a2200229Ii 4500
003 JO-AjNU
008 230605s9999||||xx |||||||||||||| ||und||
017 _a1997/1833
020 _a977-01-5066-5
040 _aJO-AjNU
_bara
_erda
_cJO-AjNU
041 _aara
050 1 4 _aPJ7858.A33.Q38 2003
100 3 _aتأليف القعيد،يوسف,
_eauthor
_916067
245 0 0 _aبلد المحبوب: وجع البعاد ، القلوب البيضاء، الجزء السادس
264 3 1 _aالقاهرة:مكتبة الأسرة،2003 ؛ مهرجان القراءة للجميع 2003
300 _aج6، 511ص
336 _atext
_btxt
_2rdacontent
337 _aunmediated
_bn
_2rdamedia
338 _avolume
_bnc
_2rdacarrier
490 0 _aسلسلة الأعمال الكاملة
650 4 _aالأدب العربي
_916068
999 _aA4680
_c8248
_d8248